000 00560nam a2200181Ia 4500
003 GCL
005 20240530102329.0
008 140319s9999 xx 000 0 ara d
040 _aGCL /
_cGCL
082 0 4 _a620.16/
_bأ ع
100 0 _aاحمد سالم الصباغ
245 1 0 _aعمليات التشغيل /
_cاحمد سالم الصباغ
260 _a[S.N] :
_bعالم الكتب الحديث
490 _aسلسلة المواد الهندسية وتشكيلها
_v0
650 0 4 _aالمعادن
650 0 4 _aالتعدين
942 _2ddc
_cBK
999 _c31485
_d31485